LEADER 01277nam0-2200421---450- 001 990000344200203316 005 20090121170007.0 010 $a88-464-2524-3 035 $a0034420 035 $aUSA010034420 035 $a(ALEPH)000034420USA01 035 $a0034420 100 $a20010222d2000----km-y0itay0103----ba 101 $aita 102 $aIT 105 $a||||||||001yy 200 1 $a<> mercato del lavoro tra globale e locale$fCarlo Pace, Vincenzo Porcasi, Antonio La Spina 210 $aMilano$cF. Angeli$dcopyr. 2000 215 $a124 p.$d23 cm 225 2 $aIsas$v4 410 0$12001$aIsas 606 0 $aEconomia mondiale 607 0 $aSicilia$xLavoro$xDomanda e offerta 676 $a330.9049 700 1$aPACE,$bCarlo$034494 701 1$aPORCASI,$bVincenzo$0422100 701 1$aLA SPINA,$bAntonio$0125745 801 0$aIT$bsalbc$gISBD 912 $a990000344200203316 951 $a330.904 PAC 1 (IEP VIII 1393)$b8730 E.C.$cIEP VIII$d00070163 959 $aBK 969 $aECO 979 $aTAMI$b40$c20010222$lUSA01$h1053 979 $c20020403$lUSA01$h1642 979 $aPATRY$b90$c20040406$lUSA01$h1624 979 $aRSIAV1$b90$c20090121$lUSA01$h1700 996 $aMercato del lavoro tra globale e locale$968260 997 $aUNISA LEADER 02173nam0 2200457 i 450 001 CFI0138810 005 20251003044125.0 010 $a8815016872 010 $a8815036717 020 $aIT$b90-11941 100 $a20070419d1988 ||||0itac50 ba 101 | $aita$cger 102 $ait 181 1$6z01$ai $bxxxe 182 1$6z01$an 200 1 $aStoria sociale dell'antica Grecia$fFritz Gschnitzer 210 $aBologna$cIl mulino$d[1988] 215 $a286 p.$d21 cm 225 | $aUniversale paperbacks Il mulino$v214 300 $aTrad. di Luigi Gallo, Mauro Corsaro. 410 0$1001CFI0000033$12001 $aUniversale paperbacks Il mulino$v214 500 10$aGriechische Sozialgeschichte$3CFI0138813$9CFIV084471$9178674 606 $aGrecia antica$xStoria sociale$2FIR$3CFIC049902$9I 676 $a305.88$9Gruppi razziali, etnici, nazionali. Greci e gruppi affini$v12 676 $a938$9GRECIA FINO AL 323$v14 676 $a938$9STORIA DELL'ANTICA GRECIA$v19 676 $a938$9STORIA GENERALE DEL MONDO ANTICO. ANTICA GRECIA FINO AL 323$v21 676 $a938$9STORIA DELL' ANTICA GRECIA, FINO AL 323$v23 700 1$aGschnitzer$b, Fritz$3CFIV084471$4070$0181135 801 3$aIT$bIT-000000$c20070419 850 $aIT-BN0095 $aIT-NA0614 $aIT-AV0002 $aIT-AV0007 $aIT-NA0079 901 $bNAP BN$cMAGAZZINO $nmagazzini correnti divisi per anni 901 $bNAP 16$cBIBLIOTECA$nComprende materiale librario e multimediale di vario argomento 901 $bNAP AI$cBIBLIOTECA$n$ 901 $bNAP AV$cSEZ. M $nSezione Moderna 901 $bNAP 01$cPOZZO LIB.$nVi sono collocati fondi di economia, periodici di ingegneria e scienze, periodici di economia e statistica e altri fondi comprendenti documenti di economia pervenuti in dono. 912 $aCFI0138810 950 0$aBiblioteca Centralizzata di Ateneo$c1 v.$d 01POZZO LIB.ECON MON 7478$e 0101 0700110175E VMA 1 v. (Precedente collocazione 11 EC 017)$fB $h20220805$i20220805 977 $a 01$a 16$a AI$a AV$a BN 996 $aGriechische Sozialgeschichte$9178674 997 $aUNISANNIO